000 00248nam a2200109Ia 4500
008 220623s9999 xx 000 0 und d
020 _a978037354045
082 _aEF JENS
100 _aJENSEN,M
_9143750
245 0 _aLOVEAND LAVENDER
942 _cBK
_w561
_xJohn Tresidder
_y561
_zJohn Tresidder
999 _c677134
_d677133